Perfiles madrileños / (Registro nro. 24122)

Detalles MARC
000 -LEADER
campo de control de longitud fija 01619nam a2200349 i 4500
001 - NÚMERO DE CONTROL
campo de control 24122
003 - IDENTIFICADOR DE NÚMERO DE CONTROL
campo de control ES-MaACL
005 - FECHA Y HORA DE LA ÚLTIMA TRANSACCIÓN
campo de control 20250905141820.0
007 - CAMPO FIJO DE DESCRIPCIÓN FÍSICA--INFORMACIÓN GENERAL
campo de control de longitud fija t|
008 - DATOS DE LONGITUD FIJA--INFORMACIÓN GENERAL
campo de control de longitud fija 021216s1985 sp f 0011sdspa d
020 ## - NÚMERO INTERNACIONAL ESTÁNDAR DEL LIBRO
Número Internacional Estándar del Libro 84-00-06021-0
080 ## - NÚMERO DE LA CLASIFICACIÓN DECIMAL UNIVERSAL
Número de la Clasificación Decimal Universal 946.41 M.(088.3)(042)
100 1# - ENTRADA PRINCIPAL--NOMBRE DE PERSONA
Nombre de persona Chueca Goitia, Fernando,
Fechas asociadas al nombre 1911-2004
9 (RLIN) 38688
245 10 - MENCIÓN DEL TÍTULO
Título Perfiles madrileños /
Mención de responsabilidad, etc. Fernando Chueca Goitia.
260 ## - PUBLICACIÓN, DISTRIBUCIÓN, ETC.
Lugar de publicación, distribución, etc. Madrid :
Nombre del editor, distribuidor, etc. Instituto de Estudios Madrileños,
Fecha de publicación, distribución, etc. 1985.
300 ## - DESCRIPCIÓN FÍSICA
Extensión 137 p., 8 p. de lám. ;
Dimensiones 22 cm.
490 1# - MENCIÓN DE SERIE
Mención de serie Colección Puerta de Alcalá ;
Designación de volumen o secuencia 3
505 8# - NOTA DE CONTENIDO CON FORMATO
Nota de contenido con formato Contiene: El Ateneo de Madrid: discurso en la inauguración del curso 1981-82 ; Cervantes, libros y bibliotecas ; Perfil humano de Juan de Villanueva ; El Madrid de Mesonero Romanos ; Sobre la Almudena y su pequeña historia ; ¿Tiene Madrid tradición de calles peatonales?
594 ## - Nota al título y mención de responsabilidad
Nota al título y mención de responsabilidad Recoge 6 ensayos inéditos del autor, algunos leídos en conferencias o intervenciones públicas.
600 14 - PUNTO DE ACCESO ADICIONAL DE MATERIA--NOMBRE DE PERSONA
Nombre de persona Villanueva, Juan de,
Fechas asociadas al nombre 1739-1811
9 (RLIN) 172250
600 14 - PUNTO DE ACCESO ADICIONAL DE MATERIA--NOMBRE DE PERSONA
Nombre de persona Mesonero Romanos, Ramón de,
Fechas asociadas al nombre 1803-1882
9 (RLIN) 80672
610 00 - PUNTO DE ACCESO ADICIONAL DE MATERIA--NOMBRE DE ENTIDAD CORPORATIVA
Nombre de entidad corporativa o nombre de jurisdicción como elemento de entrada Ateneo de Madrid-
Subdivisión de forma Discursos de apertura-
Subdivisión cronológica S.XX.
9 (RLIN) 1913
610 24 - PUNTO DE ACCESO ADICIONAL DE MATERIA--NOMBRE DE ENTIDAD CORPORATIVA
Nombre de entidad corporativa o nombre de jurisdicción como elemento de entrada Ateneo de Madrid-
Subdivisión de forma Historia
9 (RLIN) 1925
610 24 - PUNTO DE ACCESO ADICIONAL DE MATERIA--NOMBRE DE ENTIDAD CORPORATIVA
Nombre de entidad corporativa o nombre de jurisdicción como elemento de entrada Catedral de Santa María de la Almudena (Madrid)
9 (RLIN) 172251
650 #4 - PUNTO DE ACCESO ADICIONAL DE MATERIA--TÉRMINO DE MATERIA
Término de materia o nombre geográfico como elemento de entrada Calles-
Subdivisión geográfica Madrid.
9 (RLIN) 146934
651 #0 - PUNTO DE ACCESO ADICIONAL DE MATERIA--NOMBRE GEOGRÁFICO
Nombre geográfico Madrid-
Subdivisión general Descripción.
9 (RLIN) 8952
710 2# - ENTRADA AGREGADA--NOMBRE DE ENTIDAD CORPORATIVA
Nombre de entidad corporativa o nombre de jurisdicción como elemento de entrada Instituto de Estudios Madrileños
9 (RLIN) 4916
740 32 - ENTRADA AGREGADA--TÍTULO RELACIONADO/ANALÍTICO NO CONTROLADO
Título relacionado o analítico no controlado El Ateneo de Madrid: discurso en la inauguración del curso 1981-82.
830 1# - PUNTO DE ACCESO ADICIONAL DE SERIE-TÍTULO UNIFORME
Título uniforme Colección Puerta de Alcalá ;
Designación de volumen o secuencia 3
9 (RLIN) 180896
852 4# - LOCALIZACIÓN
Ubicación ES-MaACL
Número de control de estantería C-3764
Existencias
Estatus retirado Estado de pérdida Estado de daño No para préstamo Colección Biblioteca de origen Biblioteca actual Ubicación en estantería Fecha de adquisición Fuente de adquisición Total de préstamos Signatura topográfica completa Código de barras Visto por última vez Precio de reemplazo Tipo de ítem Koha
        Fondo Ateneo de Madrid Biblioteca del Ateneo de Madrid Biblioteca del Ateneo de Madrid Sala Palomar 14/06/2021     C-3764 1202587 23/02/2023 23/02/2023 Libro impreso